000 00480nam a2200217Ia 4500
003 OSt
005 20220924142758.0
006 a|||||r|||| 00| 0
007 ta
008 ASM
024 _a303263
037 _cTextual
040 _aARTS
_cARTS
_bASM
041 _2ASM
_aASM
082 _aQ1Oj7, 158K3
100 _aAhamad
_9214047
245 0 _aBed aru koran
260 _c1963
942 _hQ1Oj7, 158K3
_cTEXL
_2CC
999 _c451923
_d451923